| 000 | 00357nam a2200121Ia 4500 | ||
|---|---|---|---|
| 008 | 231129s9999||||xx |||||||||||||| ||spa|| | ||
| 020 | _a970-613-307-0 (obr | ||
| 040 | _bspa | ||
| 082 | _a610.73 B582b | ||
| 245 | 0 | _aBiblioteca Básica de Enfermería | |
| 264 | _aMéxico : Oxford University Press - Harla | ||
| 942 |
_2ddc _cBKS |
||
| 999 |
_c6144 _d6144 |
||